000 00252nam a22001097a 4500
082 _a537.5352 LYT'I
100 _aLYTEL, ALLEN
_956439
245 _aINDUSTRIAL X-RAY HANDBOOK
260 _aNEWYORK
_bHOWARD W. SAMS
_c1962
300 _a286P
942 _cBK
999 _c566855
_d566855